<?xml version="1.0" encoding="UTF-8"?>
<record
    xmlns:xsi="http://www.w3.org/2001/XMLSchema-instance"
    xsi:schemaLocation="http://www.loc.gov/MARC21/slim http://www.loc.gov/standards/marcxml/schema/MARC21slim.xsd"
    xmlns="http://www.loc.gov/MARC21/slim">

  <leader>02100cam a22001818i 4500</leader>
  <datafield tag="999" ind1=" " ind2=" ">
    <subfield code="c">37645</subfield>
    <subfield code="d">37645</subfield>
  </datafield>
  <datafield tag="020" ind1=" " ind2=" ">
    <subfield code="a">9781032023045</subfield>
  </datafield>
  <datafield tag="082" ind1="0" ind2="0">
    <subfield code="a">306.6</subfield>
    <subfield code="b">ELL-I</subfield>
  </datafield>
  <datafield tag="100" ind1="1" ind2=" ">
    <subfield code="a">Eller, Jack David,</subfield>
    <subfield code="e">author.</subfield>
  </datafield>
  <datafield tag="245" ind1="1" ind2="0">
    <subfield code="a">Introducing anthropology of religion :</subfield>
    <subfield code="b">culture to the ultimate /</subfield>
    <subfield code="c">Jack David Eller.</subfield>
  </datafield>
  <datafield tag="250" ind1=" " ind2=" ">
    <subfield code="a">3rd Edition.</subfield>
  </datafield>
  <datafield tag="260" ind1=" " ind2=" ">
    <subfield code="a">New York :</subfield>
    <subfield code="b">Routledge,</subfield>
    <subfield code="c">2022.</subfield>
  </datafield>
  <datafield tag="300" ind1=" " ind2=" ">
    <subfield code="a">xii, 347p.</subfield>
  </datafield>
  <datafield tag="504" ind1=" " ind2=" ">
    <subfield code="a">Includes bibliographical references and index.</subfield>
  </datafield>
  <datafield tag="505" ind1="0" ind2=" ">
    <subfield code="a">Studying religion anthropologically : definitions and theories -- Beliefs, beings, and bodies -- Symbols, specialists, and substance -- Religious language : words of truth, words of power -- Ritual : religion in action -- Religion and morality : forming society, transforming self -- Religion, medicine, and wellness -- Religious change and new religious movements -- Translocal or "world" religions -- Religious fundamentalism -- Religious violence -- Secularism and irreligion.</subfield>
  </datafield>
  <datafield tag="520" ind1=" " ind2=" ">
    <subfield code="a">"This clear and engaging guide introduces students to key areas of the field and shows how to apply an anthropological approach to the study of religion in the contemporary world. Written by an experienced teacher, it covers major traditional topics including definitions, theories and beliefs as well as symbols, myth and ritual. The book also explores important but often overlooked issues such as morality, violence, fundamentalism, secularization, and new religious movements. The chapters all contain lively case studies of religions practiced around the world. The third edition of Introducing Anthropology of Religion is fully updated and contains additional content on material religion, visual religion, and affect theory and a new chapter takes a closer look at medical and health topics. The author encourages the reader to engage throughout with the unifying themes of race, gender and power, and how these themes are intertwined with anthropology of religion. Images, a glossary and questions for discussion are included and additional resources are provided via a companion website"--</subfield>
  </datafield>
  <datafield tag="650" ind1=" " ind2="0">
    <subfield code="a">Anthropology</subfield>
    <subfield code="x"> religion.</subfield>
  </datafield>
  <datafield tag="942" ind1=" " ind2=" ">
    <subfield code="2">ddc</subfield>
    <subfield code="c">BK</subfield>
  </datafield>
  <datafield tag="952" ind1=" " ind2=" ">
    <subfield code="0">0</subfield>
    <subfield code="1">0</subfield>
    <subfield code="4">0</subfield>
    <subfield code="7">0</subfield>
    <subfield code="a">NASSDOC</subfield>
    <subfield code="b">NASSDOC</subfield>
    <subfield code="d">2023-03-16</subfield>
    <subfield code="e">Overseas</subfield>
    <subfield code="g">0.00</subfield>
    <subfield code="l">0</subfield>
    <subfield code="o">306.6 ELL-I</subfield>
    <subfield code="p">53105</subfield>
    <subfield code="r">2023-04-25 00:00:00</subfield>
    <subfield code="v">0.00</subfield>
    <subfield code="w">2023-04-25</subfield>
    <subfield code="y">BK</subfield>
  </datafield>
</record>
